[Event "54smm A Brixen/Milland-Arci"]
[Site "?"]
[Date "2022.11.05"]
[Round "1.2"]
[White "Sader, Michael"]
[Black "De Vita, Gianni"]
[Result "1-0"]
[WhiteElo "2092"]
[BlackElo "1959"]
[PlyCount "51"]
[EventDate "2022.11.05"]

1. c4 e5 2. Nc3 Nf6 3. g3 Bc5 4. Bg2 O-O 5. e3 Re8 6. Nge2 Nc6 7. O-O d6 8. d4
exd4 9. exd4 Bb6 10. h3 a6 11. a3 h6 12. b4 Bf5 13. c5 dxc5 14. dxc5 Ba7 15.
Nf4 Ne4 16. Ncd5 Ne7 17. Bb2 Nxd5 18. Qxd5 Qxd5 19. Nxd5 Rac8 20. g4 c6 21. Ne3
Bg6 22. Nc4 Bb8 23. Rad1 Re7 24. Rfe1 Kf8 25. Nb6 Rce8 26. Nd7+ 1-0

[Event "54smm A Brixen/Milland-Arci"]
[Site "?"]
[Date "2022.11.05"]
[Round "1.3"]
[White "Zammarchi, Massimo"]
[Black "Kofler, Thomas"]
[Result "0-1"]
[WhiteElo "1936"]
[BlackElo "1954"]
[PlyCount "66"]
[EventDate "2022.11.05"]

1. e4 e5 2. Nf3 Nf6 3. Nxe5 d6 4. Nf3 Nxe4 5. d4 d5 6. Bd3 Be7 7. O-O O-O 8.
Re1 Bf5 9. c4 c6 10. Nc3 Nxc3 11. bxc3 Bxd3 12. Qxd3 dxc4 13. Qxc4 Nd7 14. Bf4
Nb6 15. Qb3 Bf6 16. Be5 Bxe5 17. Rxe5 Re8 18. Rae1 Rxe5 19. Rxe5 Qd7 20. Qa3
Nc4 21. Re7 Nxa3 22. Rxd7 Rb8 23. Ng5 f6 24. Ne4 Nc4 25. Nc5 Re8 26. g3 b6 27.
Nd3 a5 28. Rc7 Re6 29. a4 b5 30. Nc5 Re1+ 31. Kg2 bxa4 32. Rxc6 a3 33. Nb3 a4
0-1

[Event "54smm A Brixen/Milland-Arci"]
[Site "?"]
[Date "2022.11.05"]
[Round "1.5"]
[White "D'Ambrosio, Luca"]
[Black "Paulmichl, Martin"]
[Result "1/2-1/2"]
[WhiteElo "1721"]
[BlackElo "1868"]
[PlyCount "59"]
[EventDate "2022.11.05"]

1. d4 e6 2. Nf3 f5 3. Nc3 Nf6 4. Bg5 Bb4 5. Qd3 b6 6. a3 Ba6 7. Qd2 Bxc3 8.
Qxc3 O-O 9. Bxf6 Qxf6 10. O-O-O c5 11. e3 Bb7 12. dxc5 Qxc3 13. bxc3 bxc5 14.
Rd6 Bxf3 15. gxf3 Kf7 16. Bb5 Ke7 17. Rhd1 Rd8 18. f4 a6 19. Ba4 Ra7 20. h4 g6
21. Bb3 Rc8 22. Ba4 Rb7 23. c4 Rg8 24. R6d3 Rc8 25. Rd6 Rcc7 26. R1d3 Rc8 27.
Rd1 Rcc7 28. R1d3 Rc8 29. Rd1 Rcc7 30. R1d3 1/2-1/2

[Event "54smm A Deutschnofen-Klausen"]
[Site "?"]
[Date "2022.11.05"]
[Round "1.1"]
[White "Schacher, Gerd"]
[Black "Zamengo, Fulvio"]
[Result "0-1"]
[WhiteElo "2298"]
[BlackElo "2330"]
[PlyCount "78"]
[EventDate "2022.11.05"]

1. Nf3 Nf6 2. c4 c5 3. b3 d5 4. cxd5 Nxd5 5. Bb2 Nc6 6. Nc3 Nxc3 7. Bxc3 f6 8.
e3 e5 9. Bc4 Bf5 10. Nh4 Bd3 11. Qg4 Bxc4 12. bxc4 Qd7 13. Qxd7+ Kxd7 14. O-O
Ke6 15. f4 Bd6 16. g4 exf4 17. exf4 Kf7 18. Nf5 Rhd8 19. Rab1 b6 20. Kg2 Rd7
21. Ne3 Re8 22. Kf3 Rde7 23. Nd5 Re4 24. d3 Re2 25. Rf2 Rxf2+ 26. Kxf2 Ne7 27.
Nxe7 Rxe7 28. Kf3 Rd7 29. h4 Be5 30. Bxe5 fxe5 31. Rb3 exf4 32. a4 Ke6 33. a5
Ke5 34. axb6 axb6 35. Rxb6 Rxd3+ 36. Ke2 Rd7 37. Kf3 Rf7 38. Ra6 Kd4 39. Ra4
Kc3 0-1

[Event "54smm A Deutschnofen-Klausen"]
[Site "?"]
[Date "2022.11.05"]
[Round "1.2"]
[White "Micheli, Carlo"]
[Black "Seebacher, Michael"]
[Result "1/2-1/2"]
[WhiteElo "2202"]
[BlackElo "2056"]
[PlyCount "81"]
[EventDate "2022.11.05"]

1. c4 e5 2. d3 Nc6 3. Nc3 f5 4. Nf3 Nf6 5. Bg5 Bb4 6. Rc1 h6 7. Bd2 d6 8. a3
Bxc3 9. Bxc3 O-O 10. e3 Qe8 11. Be2 Be6 12. d4 Bf7 13. dxe5 dxe5 14. b4 e4 15.
Nd4 Rd8 16. Qc2 Ne5 17. O-O Bxc4 18. Bxc4+ Nxc4 19. Nxf5 b5 20. Bd4 Qe6 21. Ng3
Rfe8 22. Rcd1 a6 23. Bxf6 Rxd1 24. Rxd1 Qxf6 25. Rd4 Nxa3 26. Qxc7 Nc4 27. h3
Kh7 28. Qb7 Re7 29. Qd5 Re5 30. Qa8 Qe7 31. Rxe4 Qxb4 32. Rxe5 Qb1+ 33. Kh2
Nxe5 34. Qxa6 b4 35. Qe6 Qb2 36. Ne4 Ng6 37. f4 b3 38. Nc5 Nh4 39. Qe4+ Kh8 40.
Qa8+ Kh7 41. Qe4+ 1/2-1/2

[Event "54smm A Deutschnofen-Klausen"]
[Site "?"]
[Date "2022.11.05"]
[Round "1.3"]
[White "Haller, Quentin"]
[Black "Thurner, Markus"]
[Result "1/2-1/2"]
[WhiteElo "1997"]
[BlackElo "1891"]
[PlyCount "87"]
[EventDate "2022.11.05"]

1. Nf3 e6 2. d4 f5 3. g3 Nf6 4. Bg2 Be7 5. c4 O-O 6. O-O d6 7. Nc3 Qe8 8. Qc2
Nbd7 9. e4 Qh5 10. exf5 exf5 11. Qe2 Bd8 12. Bf4 Re8 13. Qd3 Ne4 14. Nd2 Nxd2
15. Bxd2 Nf6 16. Rae1 Rf8 17. Nd5 Nxd5 18. Bxd5+ Kh8 19. f4 Bf6 20. Bc3 h6 21.
Qf3 Qxf3 22. Bxf3 Rb8 23. Re3 Bd7 24. Rfe1 b6 25. Bd5 Rbe8 26. Rxe8 Rxe8 27.
Rxe8+ Bxe8 28. Kf2 g6 29. Ke3 Kg7 30. b3 g5 31. Be6 Kg6 32. Be1 Bc6 33. d5 Be8
34. Kf3 g4+ 35. Ke3 h5 36. Kd3 Bb2 37. Bc3 Bc1 38. Bd4 a5 39. a4 Ba3 40. Ke3
Bb4 41. Kd3 Be1 42. Bc3 Bf2 43. Bd4 Be1 44. Bc3 1/2-1/2

[Event "54smm A Deutschnofen-Klausen"]
[Site "?"]
[Date "2022.11.05"]
[Round "1.4"]
[White "Tonina, Filippo"]
[Black "Seebacher, Reinhard"]
[Result "0-1"]
[WhiteElo "1953"]
[BlackElo "1908"]
[PlyCount "104"]
[EventDate "2022.11.05"]

1. d4 d5 2. c4 e6 3. Nc3 Nf6 4. cxd5 exd5 5. Bg5 c6 6. e3 Be7 7. Qc2 O-O 8. Bd3
Nbd7 9. Nge2 Re8 10. O-O Nf8 11. f3 Nh5 12. Bxe7 Qxe7 13. e4 dxe4 14. fxe4 Qg5
15. Qc1 Qh4 16. Qe3 Ng6 17. Rf2 f5 18. e5 f4 19. Bc4+ Kh8 20. Qd3 Rf8 21. Raf1
Bf5 22. Ne4 Rad8 23. Qf3 Bg4 24. Qc3 f3 25. gxf3 Bh3 26. Re1 Nhf4 27. N2g3 Be6
28. Bxe6 Nxe6 29. Nd6 Ngf4 30. Re4 Qg5 31. Rf1 Nd5 32. Qb3 Rd7 33. Rg4 Qe3+ 34.
Rf2 Qe1+ 35. Nf1 Nef4 36. Rh4 Ne2+ 37. Kg2 Ndf4+ 38. Rxf4 Nxf4+ 39. Kg3 Ne2+
40. Kg2 Nxd4 41. Qe3 Qxe3 42. Nxe3 g5 43. h4 h6 44. hxg5 hxg5 45. Ng4 Kg7 46.
Ne4 Ne6 47. Ngf6 Rd3 48. Kg3 Rh8 49. Rd2 Rxd2 50. Nxd2 Kg6 51. Nc4 Nf4 52. Kg4
Rh1 0-1

[Event "54smm A Deutschnofen-Klausen"]
[Site "?"]
[Date "2022.11.05"]
[Round "1.5"]
[White "Schrott, Karl"]
[Black "Hofer, Alois"]
[Result "1-0"]
[WhiteElo "1959"]
[BlackElo "1669"]
[PlyCount "55"]
[EventDate "2022.11.05"]

1. d4 d5 2. c4 c6 3. Nf3 Bg4 4. Ne5 Bf5 5. Qb3 Qb6 6. Qf3 e6 7. c5 Qb4+ 8. Qc3
Qxc3+ 9. Nxc3 Nf6 10. h3 Nbd7 11. Bf4 Nxe5 12. Bxe5 Nd7 13. Bh2 Be7 14. e3 O-O
15. Be2 b6 16. cxb6 axb6 17. O-O c5 18. Nb5 Ra5 19. a3 c4 20. Nd6 Bg6 21. e4 b5
22. exd5 exd5 23. Bf3 Nf6 24. Rfe1 Bxd6 25. Bxd6 Rc8 26. Re5 Ra7 27. Rae1 Rd7
28. Bg4 1-0

[Event "54smm A Deutschnofen-Klausen"]
[Site "?"]
[Date "2022.11.05"]
[Round "1.6"]
[White "Gibitz, Othmar"]
[Black "Schrott, Johann"]
[Result "1/2-1/2"]
[WhiteElo "1632"]
[BlackElo "1813"]
[PlyCount "59"]
[EventDate "2022.11.05"]

1. e4 c5 2. Nc3 Nc6 3. Nge2 Nf6 4. d4 cxd4 5. Nxd4 d6 6. Bb5 Bd7 7. O-O g6 8.
h3 Bg7 9. Be3 O-O 10. Nxc6 bxc6 11. Bd3 Qa5 12. Rb1 Rab8 13. Bd2 Qc7 14. Ne2 c5
15. c4 Bc6 16. Qc2 Qb7 17. Nc3 Nd7 18. Nd5 Ne5 19. Bc3 e6 20. Bxe5 Bxe5 21. Nc3
Qe7 22. f4 Bd4+ 23. Kh1 f5 24. exf5 gxf5 25. Be2 Qg7 26. Bf3 Bxc3 27. Bxc6 Rxb2
28. Rxb2 Bxb2 29. Rb1 Rb8 30. Qe2 1/2-1/2

[Event "54smm A Groeden-Ehrenburg"]
[Site "?"]
[Date "2022.11.05"]
[Round "1.1"]
[White "Lerch, Johannes"]
[Black "Moroder, Stephan"]
[Result "1/2-1/2"]
[WhiteElo "2124"]
[BlackElo "2146"]
[PlyCount "47"]
[EventDate "2022.11.05"]

1. Nf3 d5 2. e3 Nf6 3. c4 e6 4. Nc3 Be7 5. b3 O-O 6. Bb2 c5 7. cxd5 exd5 8. d4
Nc6 9. Be2 Re8 10. O-O cxd4 11. Nxd4 Bd6 12. Nxc6 bxc6 13. Rc1 Bd7 14. Bf3 Re6
15. Na4 Ne4 16. Bxe4 Rxe4 17. Nc5 Rh4 18. g3 Rh3 19. Nxd7 Qxd7 20. Qd4 Bf8 21.
Qa4 Rh6 22. f3 Re8 23. Bd4 Rhe6 24. Qxa7 1/2-1/2

[Event "54smm A Groeden-Ehrenburg"]
[Site "?"]
[Date "2022.11.05"]
[Round "1.2"]
[White "Casadio, Niccolo"]
[Black "Hengl, Christian"]
[Result "1-0"]
[WhiteElo "2083"]
[BlackElo "2136"]
[PlyCount "69"]
[EventDate "2022.11.05"]

1. d4 d5 2. Bf4 Nf6 3. e3 c5 4. dxc5 Nc6 5. Bb5 Qa5+ 6. Nc3 a6 7. Bxc6+ bxc6 8.
Qd4 Bf5 9. a4 Bxc2 10. b4 Qd8 11. Nf3 Nd7 12. Rc1 Bg6 13. Nxd5 cxd5 14. c6 f6
15. c7 Qc8 16. Qxd5 Ra7 17. Nd4 Bf7 18. Ne6 g5 19. b5 gxf4 20. b6 Bxe6 21. Qxe6
Rb7 22. a5 Nxb6 23. Qc6+ Nd7 24. Qxb7 Qxb7 25. c8=Q+ Qxc8 26. Rxc8+ Kf7 27.
exf4 e6 28. O-O Bg7 29. Rc7 Rd8 30. Rd1 Ke7 31. Ra7 Bh6 32. g3 f5 33. Rxa6 Bg7
34. Rad6 Bc3 35. a6 1-0

[Event "54smm A Groeden-Ehrenburg"]
[Site "?"]
[Date "2022.11.05"]
[Round "1.3"]
[White "Tumanyan, Gor"]
[Black "Demetz, Rainer"]
[Result "0-1"]
[WhiteElo "1984"]
[BlackElo "2174"]
[PlyCount "52"]
[EventDate "2022.11.05"]

1. e4 e5 2. Nf3 d6 3. d4 Nf6 4. Nc3 Nbd7 5. Bg5 Be7 6. Qd2 c6 7. O-O-O b5 8.
Bxf6 Bxf6 9. d5 b4 10. dxc6 bxc3 11. cxd7+ Qxd7 12. Qxd6 cxb2+ 13. Kb1 Qxd6 14.
Rxd6 Ke7 15. Rd1 Be6 16. Nd2 Rhc8 17. Bb5 Bg5 18. f3 Rab8 19. Ba4 Be3 20. Bb3
a5 21. Rhe1 Bd4 22. Bxe6 fxe6 23. a4 Rb4 24. Nb3 Bc3 25. Re3 Rxa4 26. Red3 Ra1+
0-1

[Event "54smm A Groeden-Ehrenburg"]
[Site "?"]
[Date "2022.11.05"]
[Round "1.4"]
[White "Bernardi, Ruben"]
[Black "Hengl, Philip"]
[Result "1-0"]
[WhiteElo "2032"]
[BlackElo "1935"]
[PlyCount "73"]
[EventDate "2022.11.05"]

1. e4 c6 2. d3 d5 3. Nf3 Qc7 4. Nc3 dxe4 5. dxe4 Nd7 6. Be2 Ngf6 7. O-O b5 8.
e5 Nxe5 9. Bf4 Nxf3+ 10. Bxf3 Qb6 11. a4 Bb7 12. a5 Qa6 13. Qe2 e6 14. Rfd1 Be7
15. Bd6 Rd8 16. Bxe7 Kxe7 17. Qe5 Rxd1+ 18. Rxd1 Rc8 19. Qc5+ Ke8 20. b4 Ba8
21. g4 h6 22. h4 Qb7 23. g5 hxg5 24. hxg5 Nd5 25. Ne4 Qe7 26. Nd6+ Kd7 27. Bxd5
exd5 28. Nxc8 Qxg5+ 29. Kf1 Qh5 30. Rd3 Kxc8 31. a6 Qh1+ 32. Ke2 Qh5+ 33. Kd2
Qf5 34. Kc1 Qe6 35. Re3 Qh6 36. Kb1 Qh5 37. Re8+ 1-0

[Event "54smm A Groeden-Ehrenburg"]
[Site "?"]
[Date "2022.11.05"]
[Round "1.5"]
[White "Gruber, Alexander"]
[Black "Moroder, Thomas"]
[Result "0-1"]
[WhiteElo "1837"]
[BlackElo "1989"]
[PlyCount "161"]
[EventDate "2022.11.05"]

1. e4 c5 2. Nf3 d6 3. d4 cxd4 4. Nxd4 Nf6 5. Nc3 a6 6. Be2 e5 7. Nf3 h6 8. O-O
Be6 9. h3 Be7 10. Be3 b5 11. a3 O-O 12. Nh2 d5 13. exd5 Nxd5 14. Nxd5 Bxd5 15.
c3 Nc6 16. Qc2 Qc7 17. Rad1 Be6 18. Bf3 Rad8 19. Rxd8 Rxd8 20. Bxc6 Qxc6 21.
Rd1 Bd5 22. f3 Qe6 23. Nf1 Rc8 24. Qd3 Bc6 25. Bf2 e4 26. fxe4 Rd8 27. Qc2 Rxd1
28. Qxd1 Qxe4 29. Qg4 Qxg4 30. hxg4 Bd7 31. Ne3 Bg5 32. g3 g6 33. Kf1 Kg7 34.
Ke2 Kf6 35. Kf3 Ke5 36. Nd1 Bc6+ 37. Ke2 Bd7 38. Kf3 Be7 39. Be3 Bf8 40. Bd4+
Ke6 41. Ne3 Bc6+ 42. Kf2 Be4 43. Ke2 Be7 44. Bb6 Bd6 45. Kf2 Kf6 46. Bd8+ Kg7
47. Bb6 Bc6 48. Bd4+ f6 49. Bb6 Kf7 50. Bd4 Ke6 51. Bb6 Kd7 52. Bd4 Be7 53. Ke2
Kc7 54. Kf2 Kb7 55. Ke2 Bd7 56. Kf2 Be6 57. Kf3 Kc6 58. Ke2 Bb3 59. Kf3 Kd6 60.
Ke4 Ke6 61. Kf3 Bd6 62. Bb6 Kf7 63. Bd4 Be6 64. Bb6 h5 65. gxh5 gxh5 66. Bd4
Kg6 67. Bb6 Bc8 68. Bd4 Bb7+ 69. Kf2 Kg5 70. Nf1 f5 71. Nh2 f4 72. Nf1 fxg3+
73. Nxg3 h4 74. Nf1 h3 75. Kg1 Kf4 76. b3 Ke4 77. b4 Bb8 78. Nd2+ Kd3 79. Nf1
Kc2 80. Ne3+ Kb3 81. Nf1 0-1

[Event "54smm A Groeden-Ehrenburg"]
[Site "?"]
[Date "2022.11.05"]
[Round "1.6"]
[White "Grossi, Christian"]
[Black "Mairhofer, Lino"]
[Result "1/2-1/2"]
[WhiteElo "1885"]
[BlackElo "1740"]
[PlyCount "81"]
[EventDate "2022.11.05"]

1. d4 Nf6 2. c4 g6 3. Nf3 d6 4. g3 Nbd7 5. Bg2 Bg7 6. O-O O-O 7. Nc3 e5 8. dxe5
dxe5 9. Qc2 c6 10. b3 Qc7 11. a4 a5 12. Ba3 Re8 13. e4 Bf8 14. Bxf8 Nxf8 15.
Rad1 Bg4 16. h3 Bxf3 17. Bxf3 Ne6 18. Ne2 c5 19. Qc3 Nd4 20. Qe3 Kg7 21. Nc3
Rad8 22. g4 h6 23. h4 Rh8 24. g5 hxg5 25. hxg5 Nh5 26. Bg4 Nf4 27. Nd5 Qd6 28.
f3 Nde2+ 29. Kf2 Rh2+ 30. Ke1 Ng2+ 31. Kxe2 Nxe3+ 32. Kxe3 Rb2 33. Rd3 Qf8 34.
Rh1 Rd6 35. f4 Qd8 36. Kf3 exf4 37. Kxf4 Rf2+ 38. Kg3 Qxg5 39. Kxf2 Qxg4 40.
Rdh3 Rxd5 41. exd5 1/2-1/2

[Event "54smm A Kaltern/Tramin-Merania"]
[Site "?"]
[Date "2022.11.05"]
[Round "1.2"]
[White "Zucchelli, Massimo"]
[Black "Lami, Damiano"]
[Result "1/2-1/2"]
[WhiteElo "2128"]
[BlackElo "2039"]
[PlyCount "114"]
[EventDate "2022.11.05"]

1. d4 d5 2. c4 e6 3. Nc3 Be7 4. Nf3 Nf6 5. cxd5 exd5 6. Bg5 Nbd7 7. e3 c6 8.
Bd3 O-O 9. Qc2 Re8 10. O-O Ne4 11. Bxe4 dxe4 12. Nxe4 Bxg5 13. Nexg5 Nf8 14.
Ne4 Bf5 15. Nfd2 Qh4 16. f3 Re6 17. Rfe1 Rh6 18. Nf1 Re8 19. Qb3 Bxe4 20. fxe4
Rxe4 21. Qxb7 Rf6 22. Ng3 Ree6 23. Rf1 Re7 24. Qb8 Qg5 25. Rxf6 Qxf6 26. Nf1 g6
27. Rc1 Kg7 28. Qc8 Re6 29. Rc2 Qe7 30. Rxc6 Rxe3 31. Rc7 Qe4 32. Qb7 Qxb7 33.
Rxb7 Re2 34. d5 a5 35. a4 h5 36. h3 Kf6 37. b3 h4 38. Nh2 Rd2 39. Rb5 Rb2 40.
Nf3 g5 41. d6 Ne6 42. Rd5 Rxg2+ 43. Kxg2 Nf4+ 44. Kf2 Nxd5 45. d7 Ke7 46. Nxg5
Kxd7 47. Nxf7 Kc6 48. Nd8+ Kc5 49. Kf3 Kb4 50. Nc6+ Kxb3 51. Nxa5+ Kxa4 52. Nc6
Kb5 53. Ne5 Kc5 54. Kg4 Kd6 55. Ng6 Ke6 56. Nxh4 Kf6 57. Nf3 Kg6 1/2-1/2

[Event "54smm A Kaltern/Tramin-Merania"]
[Site "?"]
[Date "2022.11.05"]
[Round "1.3"]
[White "Zuev, Mikhail"]
[Black "Maier, Fridolin"]
[Result "1-0"]
[WhiteElo "1726"]
[BlackElo "1758"]
[PlyCount "81"]
[EventDate "2022.11.05"]

1. d4 Nf6 2. c4 c5 3. d5 b5 4. Nd2 bxc4 5. e4 Qa5 6. Qc2 Ba6 7. Bxc4 d6 8. Rb1
Nbd7 9. b3 g6 10. Ne2 Bxc4 11. bxc4 Bg7 12. O-O O-O 13. h3 Rab8 14. Nb3 Qa4 15.
Bf4 Rb4 16. Rfc1 Nb6 17. f3 Nxc4 18. Nc3 Qd7 19. Ra1 Nh5 20. Bd2 Nxd2 21. Qxd2
Rfb8 22. Na5 Rb2 23. Rc2 Rxc2 24. Qxc2 Rb4 25. a3 Rb6 26. Nc6 Qb7 27. Ra2 Kf8
28. Ne2 a6 29. g4 Nf6 30. Na5 Rb1+ 31. Kg2 Qb6 32. Nc3 Re1 33. Nc4 Qc7 34. Qd2
Qb7 35. Qxe1 Nd7 36. Qb1 Qc7 37. Rc2 Ne5 38. Nxe5 Bxe5 39. Na4 Qa5 40. Nb6 Kg7
41. Nc4 1-0

[Event "54smm A Kaltern/Tramin-Merania"]
[Site "?"]
[Date "2022.11.05"]
[Round "1.4"]
[White "Comai, Samuele"]
[Black "Battiston, Claudio"]
[Result "1-0"]
[WhiteElo "1920"]
[BlackElo "1806"]
[PlyCount "81"]
[EventDate "2022.11.05"]

{[%evp 0,81,42,14,30,28,36,44,42,36,41,29,46,36,57,10,4,6,17,-15,-22,-2,-9,-5,
-23,-31,-37,-33,-37,-26,-33,-33,-38,-41,4,5,23,17,50,30, 29,0,14,-33,25,27,32,
35,33,5,-1,-8,-9,-21,3,3,4,6,7,26,38,34,30,-115,61,-55,75,24,207,210,238,241,
230,237,384,448,482,340,357,3 98,525,559,560,583]} 1. d4 Nf6 2. Nf3 g6 3. c4
Bg7 4. Nc3 d6 5. e4 O-O 6. h3 e5 7. Be3 exd4 8. Nxd4 Re8 9. f3 Nc6 10. Nxc6
bxc6 11. Qd2 Nh5 12. Bd3 Qh4+ 13. Bf2 Qf4 14. O-O-O Qxd2+ 15. Kxd2 Nf4 16. g4
Nxd3 17. Kxd3 Bb7 18. Bd4 Rad8 19. Bxg7 Kxg7 20. c5 Ba6+ 21. Kc2 f6 22. Rh2 Kf7
23. Rhd2 Ke7 24. b4 dxc5 25. Rxd8 Rxd8 26. Rxd8 Kxd8 27. bxc5 Ke7 28. h4 h6 29.
Kd2 Ke6 30. Ke3 g5 31. Nb1 Ke5 32. Na3 Ke6 33. Nc2 Ke5 34. Nd4 Bb7 35. h5 a5
36. Nf5 Bc8 37. Nxh6 Be6 38. a3 Bc4 39. Nf5 Bg8 40. Ne7 Bh7 41. Nxc6+ 1-0

[Event "54smm A Kaltern/Tramin-Merania"]
[Site "?"]
[Date "2022.11.05"]
[Round "1.5"]
[White "Kaserer, Hanspeter"]
[Black "Martinelli, Michele"]
[Result "1/2-1/2"]
[WhiteElo "1663"]
[BlackElo "1704"]
[PlyCount "145"]
[EventDate "2022.11.05"]

{[%evp 0,145,25,14,22,-10,39,39,46,46,35,36,40,15,21,14,66,45,36,36,24,40,138,
133,104,106,122,113,108,79,76,39,107,76,58,18,96,99,93,7 4,67,72,103,67,102,58,
116,107,88,76,77,15,27,21,37,26,51,10,62,62,137,138,214,108,323,326,336,365,
365,187,272,430,402,90,145,61 ,97,20,20,15,10,30,28,28,31,40,51,12,41,1,0,0,0,
1,0,0,0,0,0,0,0,0,19,0,10,0,25,17,15,15,15,6,8,0,1,0,0,0,43,11,52,1,83,4,4,0,0,
0,0,0,0,0,0,0,0,0,0,0,0,0,0,0,0,0,0,0,0,0]} 1. d4 Nf6 2. c4 g6 3. Nc3 Bg7 4. e4
d6 5. Be2 O-O 6. Bg5 h6 7. Be3 c5 8. e5 Nfd7 9. exd6 cxd4 10. Bxd4 e5 11. Be3
Nc6 12. Nf3 b6 13. O-O Bb7 14. Qd2 Kh7 15. a3 a5 16. Qc2 f5 17. Rfd1 e4 18. Nd4
Nxd4 19. Bxd4 Bxd4 20. Rxd4 Nc5 21. b3 Qf6 22. Rdd1 Rad8 23. b4 Ne6 24. Qd2 f4
25. Nd5 Bxd5 26. Qxd5 f3 27. Bf1 fxg2 28. Bxg2 Qxf2+ 29. Kh1 Ng5 30. Rf1 Qh4
31. Qb7+ Kh8 32. Qe7 Rfe8 33. Qf6+ Kh7 34. Rae1 Rf8 35. Qe7+ Kg8 36. d7 Nf3 37.
Qxh4 Nxh4 38. Rxf8+ Kxf8 39. c5 bxc5 40. bxc5 Rxd7 41. c6 Rc7 42. Bxe4 Nf5 43.
Rb1 Nd6 44. Rb7 Rc8 45. Rh7 Kg8 46. Rd7 Nxe4 47. c7 Nd6 48. Rxd6 Rxc7 49. Rxg6+
Kh7 50. Ra6 Rc5 51. Kg2 Kg7 52. a4 Rc2+ 53. Kg3 Rc3+ 54. Kf2 Rc2+ 55. Ke3 Rxh2
56. Rxa5 Kg6 57. Kf3 Ra2 58. Kf4 Ra3 59. Ra6+ Kg7 60. a5 Ra1 61. Ra7+ Kf6 62.
a6 Ra4+ 63. Kg3 Kg6 64. Ra8 Kg7 65. a7 h5 66. Kh3 h4 67. Kh2 Ra3 68. Kg2 h3+
69. Kh2 Kh7 70. Kg1 Ra2 71. Kh1 h2 72. Rc8 Rxa7 73. Kxh2 1/2-1/2

[Event "54smm A Kaltern/Tramin-Merania"]
[Site "?"]
[Date "2022.11.05"]
[Round "1.6"]
[White "Florian, Andreas"]
[Black "Avolio, Luca"]
[Result "1-0"]
[WhiteElo "1633"]
[BlackElo "1031"]
[PlyCount "77"]
[EventDate "2022.11.05"]

{[%evp 0,77,43,14,14,14,27,28,41,8,3,5,22,-14,36,-24,13,14,27,21,23,28,100,112,
104,115,116,98,111,101,134,115,141,113,123,118,125,129, 163,168,196,153,237,
205,307,325,363,264,266,211,207,213,228,226,241,208,208,194,197,193,202,194,
232,236,237,235,236,204,244,246 ,301,278,324,307,337,401,487,494,625,734]} 1.
d4 d5 2. Bf4 Nf6 3. e3 Bf5 4. Nf3 e6 5. Nbd2 Be7 6. c3 O-O 7. Be2 Nc6 8. Nh4
Bg6 9. Nxg6 fxg6 10. O-O Nh5 11. Bxh5 gxh5 12. Qxh5 Qd7 13. Qe2 Bf6 14. Rad1
Ne7 15. Bg3 Nf5 16. Rfe1 Rae8 17. e4 Nxg3 18. hxg3 dxe4 19. Nxe4 Qf7 20. Rd3
Qg6 21. Re3 h6 22. Nc5 Bg5 23. Rxe6 Rxe6 24. Qxe6+ Qxe6 25. Rxe6 b6 26. Nd3 Rf7
27. Re8+ Rf8 28. Rxf8+ Kxf8 29. f4 Bf6 30. Ne5 Bxe5 31. dxe5 Kf7 32. Kf2 Ke6
33. Ke3 Ke7 34. Ke4 Ke8 35. f5 Ke7 36. g4 Ke8 37. Kd5 c5 38. Kc6 Ke7 39. Kb7
1-0

[Event "54smm A Naturns-Richter/Lask"]
[Site "?"]
[Date "2022.11.05"]
[Round "1.1"]
[White "Loiacono, Leonardo"]
[Black "Unterthurner, Hans"]
[Result "1-0"]
[WhiteElo "2257"]
[BlackElo "1915"]
[PlyCount "95"]
[EventDate "2022.11.05"]

{[%evp 0,95,19,31,14,-14,43,38,61,32,24,26,15,11,53,45,65,34,50,43,50,63,70,44,
58,53,62,71,76,67,81,88,88,78,71,80,87,71,65,64,87,75,6 8,57,76,50,54,23,65,21,
61,-1,41,41,56,54,24,14,14,5,12,-7,8,1,7,9,0,0,19,15,0,0,-1,0,48,20,18,17,37,
17,64,81,88,65,86,92,80,26, 33,0,0,-19,-36,-132,-62,-65,283,286]} 1. d4 Nf6 2.
c4 g6 3. Nc3 d5 4. Bf4 Bg7 5. e3 O-O 6. Rc1 c6 7. Nf3 Na6 8. Be2 Nc7 9. O-O
dxc4 10. Bxc4 Ncd5 11. Be5 Nxc3 12. bxc3 Nd5 13. e4 Nf6 14. Re1 Bh6 15. Rb1 Qa5
16. Qc2 b6 17. h3 Ba6 18. Bxa6 Qxa6 19. c4 Rfd8 20. g4 Nd7 21. Bc7 Rdc8 22. Bg3
Bg7 23. Qe2 Re8 24. Kg2 Rac8 25. g5 Qa4 26. Rbc1 Qa3 27. e5 Nf8 28. Rcd1 Red8
29. d5 cxd5 30. cxd5 Qa4 31. Rd4 Qa5 32. Red1 Rc5 33. Qd2 Qb5 34. h4 Rdc8 35.
a4 Qb3 36. Qf4 Rd8 37. R1d3 Rc3 38. Rxc3 Qxc3 39. Rc4 Qa3 40. Qe4 Qb3 41. d6
exd6 42. exd6 Ne6 43. Qc6 Qd3 44. Re4 Bf8 45. Re3 Qf5 46. Re4 Bxd6 47. Nd4 Nxd4
48. Rxd4 1-0

[Event "54smm A Naturns-Richter/Lask"]
[Site "?"]
[Date "2022.11.05"]
[Round "1.2"]
[White "Gurschler, Thomas"]
[Black "Moncher, Stefano"]
[Result "0-1"]
[WhiteElo "1840"]
[BlackElo "2169"]
[PlyCount "106"]
[EventDate "2022.11.05"]

{[%evp 0,106,36,27,32,29,51,44,43,40,32,16,14,9,23,9,8,4,50,14,34,14,54,26,59,
-10,-3,-26,0,-83,-77,-77,12,22,10,-16,-3,-31,-28,-39,6,- 1,-8,1,35,18,68,31,74,
14,63,35,68,-20,29,-47,-75,-114,-55,-61,-99,-140,-140,-244,-228,-372,172,-139,
-120,-193,-82,-59,-22,-234, -46,-45,49,-91,149,117,269,269,272,272,306,65,374,
243,287,181,302,194,241,352,352,396,456,191,244,299,275,0,0,-162,-184,-157,0,
0,0]} 1. d4 Nf6 2. Bf4 g6 3. e3 Bg7 4. Nf3 O-O 5. Be2 d6 6. O-O Nh5 7. Bg5 h6
8. Bh4 Qe8 9. Nbd2 e5 10. c3 f5 11. Ne1 Nf6 12. f3 Nc6 13. Nc2 Kh8 14. b4 Nd5
15. Nb1 f4 16. e4 Nf6 17. d5 Ne7 18. Bxf6 Bxf6 19. c4 g5 20. Nc3 Ng6 21. c5 Bd8
22. Ne1 Rg8 23. Rc1 h5 24. Kh1 Nh4 25. a4 g4 26. Nb5 Qe7 27. Rg1 a6 28. Na3 a5
29. cxd6 cxd6 30. bxa5 g3 31. Nc4 gxh2 32. Rf1 Bh3 33. Rf2 Bxa5 34. Nxa5 Rxa5
35. Bf1 Qg7 36. Qc2 Rc5 37. Qb2 Rgc8 38. Rfc2 Nxg2 39. Bxg2 Bxg2+ 40. Nxg2 Rxc2
41. Rxc2 Rg8 42. Qb4 Qf6 43. Qe1 Rg3 44. Qf1 Qg5 45. a5 h4 46. a6 bxa6 47. Qxa6
Qe7 48. Rc8+ Kh7 49. Qb6 h3 50. Nxf4 Qf6 51. Rc7+ Kh6 52. Qb7 exf4 53. Rh7+ Kg5
0-1

[Event "54smm A Naturns-Richter/Lask"]
[Site "?"]
[Date "2022.11.05"]
[Round "1.4"]
[White "Gurschler, Gregor"]
[Black "Bevilacqua, Maurizio"]
[Result "0-1"]
[WhiteElo "1802"]
[BlackElo "2084"]
[PlyCount "62"]
[EventDate "2022.11.05"]

{[%evp 0,62,27,5,69,56,52,41,32,37,75,63,81,61,65,6,-3,-25,61,-18,55,-98,-14,
-52,-68,-75,-51,-56,-56,-76,-76,-79,-79,-116,-101,-105,-1 25,-127,-134,-121,
-115,-118,-93,-98,-102,-110,-84,-105,-102,-168,-152,-179,-147,-203,-204,-167,
-170,-282,-224,-198,-94,-422,-42 3,-998,-481]} 1. e4 c5 2. Nf3 e6 3. d4 cxd4 4.
Nxd4 a6 5. Nc3 Qc7 6. Be3 Nf6 7. Be2 Bb4 8. Qd3 Nc6 9. f3 d5 10. exd5 Nxd5 11.
Bd2 Ne5 12. Qe4 Nxc3 13. bxc3 Bxc3 14. Bxc3 Qxc3+ 15. Kf2 Ng6 16. Rhd1 O-O 17.
Bd3 f5 18. Qe3 e5 19. Ne2 Qc7 20. Kg1 Bd7 21. Bc4+ Kh8 22. Bb3 Bc6 23. c4 Rae8
24. Nc3 e4 25. fxe4 Bxe4 26. Nxe4 Rxe4 27. Qf2 Qe5 28. Rac1 Nf4 29. Rc2 Nxg2
30. Kxg2 Rg4+ 31. Kh3 Qf6 0-1